Acción negatoria, inmisiones y defensa de la propiedad.
Guardat en:
| Autor principal: | |
|---|---|
| Format: | Llibre |
| Publicat: |
Madrid, España:
Marcial Pons, Ediciones Jurídicas y Sociales, S.A.,
1994.
|
| Col·lecció: | Monografías Jurídicas.
|
| Matèries: | |
| Etiquetes: |
Afegir etiqueta
Sense etiquetes, Sigues el primer a etiquetar aquest registre!
|
MARC
| LEADER | 00000nam a22000007a 4500 | ||
|---|---|---|---|
| 003 | CL-VaPUC | ||
| 005 | 20220822114535.0 | ||
| 008 | 220701t1994||| |||| 00| 0 eng d | ||
| 999 | |c 436598 |d 436596 | ||
| 020 | |a 84-7248-793-8 | ||
| 040 | |c Pontificia Universidad Católica de Valparaíso | ||
| 082 | 7 | |a 346.46036 EGE 1994 |2 22 | |
| 100 | |a Egea Fernández, Joan |e autor |9 871950 | ||
| 245 | |a Acción negatoria, inmisiones y defensa de la propiedad. | ||
| 260 | |a Madrid, España: |b Marcial Pons, Ediciones Jurídicas y Sociales, S.A., |c 1994. | ||
| 300 | |a 209 páginas. | ||
| 490 | |a Monografías Jurídicas. | ||
| 500 | |a c.1 Donación Familia Prof. Alejandro Guzmán Brito. | ||
| 583 | |c 20220701 |k Cristina María Rojas Aguilar | ||
| 650 | |a Propiedad |x Derecho |z España |9 872046 | ||
| 650 | 0 | |a Derecho de propiedad |z España |9 256450 | |
| 650 | |a Vecindario |x Derecho |z España |9 872048 | ||
| 942 | |2 ddc |c BK |n 0 | ||
| 952 | |0 0 |1 0 |2 ddc |4 0 |6 346_460360000000000_EGE_1994 |7 0 |8 C_AGB |9 584272 |a BIBDER |b BIBDER |d 2022-07-01 |e Donación |i 5652407 |o 346.46036 EGE 1994 |p 5652407 |r 2023-01-25 |t 1 |w 2022-07-01 |y BK_US |k AGB | ||